El Control de la contaminació atmosfèrica a la dècada dels noranta = El control de la contaminación atmosférica en la década de los noventa
MARC
| LEADER | 00000nam a2200000Ia 4500 | ||
|---|---|---|---|
| 001 | 9800 | ||
| 003 | BGR | ||
| 005 | 20260324175625.0 | ||
| 008 | 160829s1992 xx 000 0 cat d | ||
| 020 | |a 84-7794-181-2 | ||
| 080 | |a C-1-289 | ||
| 111 | |a Jornades Tècniques sobre el Control de la Contaminació Atmosfèrica a la Dècada dels Noranta |9 71300 |c (Barcelona : |d 1990) | ||
| 245 | |a El Control de la contaminació atmosfèrica a la dècada dels noranta = El control de la contaminación atmosférica en la década de los noventa | ||
| 260 | |a Barcelona : |b Diputació de Barcelona. Servei del Medi Ambient ; [Madrid] : |b MOPT. Secretaria de Estado para las Políticas del Agua y el Medio Ambiente, |c 1992 | ||
| 300 | |a 237 p. : |b amb gràfics ; |c 23 cm | ||
| 490 | |a Estudis i monografies ; 14 | ||
| 650 | |a Aire |x Contaminació |x Congressos |9 35586 | ||
| 700 | |a Espanya. Ministerio de Obras Públicas y Transportes |9 35587 | ||
| 700 | |a Espanya. Secretaría de Estado para las Políticas del Agua y el Medio Ambiente |9 35588 | ||
| 710 | 1 | |a Barcelona (Catalunya : Província). |b Servei de Medi Ambient |9 53475 | |
| 901 | |a Arxiu | ||
| 942 | |n 1 |2 udc |c JC | ||
| 952 | |0 0 |1 0 |4 0 |6 C1289 |7 1 |9 46976 |a Arxiu |b Arxiu |d 2016-12-01 |l 0 |o C-1-289 |p 9800 |r 2016-12-01 00:00:00 |w 2016-12-01 |y ARXIU | ||
| 999 | |c 50769 |d 50769 | ||